<?xml version="1.0" encoding="UTF-8"?>
<record
    xmlns:xsi="http://www.w3.org/2001/XMLSchema-instance"
    xsi:schemaLocation="http://www.loc.gov/MARC21/slim http://www.loc.gov/standards/marcxml/schema/MARC21slim.xsd"
    xmlns="http://www.loc.gov/MARC21/slim">

  <leader>01481nam a2200325 i 4500</leader>
  <controlfield tag="003">EG-GICUC</controlfield>
  <controlfield tag="005">20260511144621.0</controlfield>
  <controlfield tag="008">260511s1998    ua ||||fr|||| 00| 0 ara d</controlfield>
  <datafield tag="017" ind1=" " ind2=" ">
    <subfield code="a">98/4462</subfield>
  </datafield>
  <datafield tag="040" ind1=" " ind2=" ">
    <subfield code="a"> EG-GICUC</subfield>
    <subfield code="b">ara</subfield>
    <subfield code="c"> EG-GICUC</subfield>
    <subfield code="d"> EG-GICUC</subfield>
    <subfield code="e">rda</subfield>
  </datafield>
  <datafield tag="041" ind1=" " ind2=" ">
    <subfield code="a">ara</subfield>
    <subfield code="h">ara</subfield>
  </datafield>
  <datafield tag="082" ind1="0" ind2="4">
    <subfield code="2">21</subfield>
    <subfield code="a">343.451</subfield>
    <subfield code="b">&#x639; &#x645; . &#x62C;</subfield>
  </datafield>
  <datafield tag="092" ind1="0" ind2="4">
    <subfield code="2">21</subfield>
  </datafield>
  <datafield tag="099" ind1=" " ind2=" ">
    <subfield code="a">Law1 10 343.451 &#x639; &#x645; . &#x62C; 1998</subfield>
  </datafield>
  <datafield tag="100" ind1="0" ind2=" ">
    <subfield code="a">&#x639;&#x645;&#x631;&#x648; &#x639;&#x64A;&#x633;&#x649; &#x627;&#x644;&#x641;&#x642;&#x649;</subfield>
    <subfield code="e">&#x645;&#x624;&#x644;&#x641;.</subfield>
  </datafield>
  <datafield tag="245" ind1="1" ind2="0">
    <subfield code="a">&#x62C;&#x631;&#x627;&#x626;&#x645; &#x642;&#x645;&#x639; &#x627;&#x644;&#x63A;&#x634; &#x648;&#x627;&#x644;&#x62A;&#x62F;&#x644;&#x64A;&#x633; /</subfield>
    <subfield code="c">&#x645;&#x633;&#x62A;&#x634;&#x627;&#x631; &#x639;&#x645;&#x631;&#x648; &#x639;&#x64A;&#x633;&#x649; &#x627;&#x644;&#x641;&#x642;&#x649;.</subfield>
  </datafield>
  <datafield tag="264" ind1=" " ind2="1">
    <subfield code="a">&#x634; &#x628;&#x648;&#x631;&#x633;&#x639;&#x64A;&#x62F;- &#x639;&#x645;&#x627;&#x631;&#x629; &#x627;&#x644;&#x644;&#x624;&#x644;&#x624;&#x629; :</subfield>
    <subfield code="b">&#x627;&#x644;&#x645;&#x643;&#x62A;&#x628; &#x627;&#x644;&#x641;&#x646;&#x649; &#x644;&#x644;&#x645;&#x648;&#x633;&#x648;&#x639;&#x627;&#x62A; &#x627;&#x644;&#x642;&#x627;&#x646;&#x648;&#x646;&#x64A;&#x629;&#x60C;</subfield>
    <subfield code="c">1998.</subfield>
  </datafield>
  <datafield tag="300" ind1=" " ind2=" ">
    <subfield code="a">252 &#x635;&#x641;&#x62D;&#x629; ;</subfield>
    <subfield code="c">25 &#x633;&#x645;.</subfield>
  </datafield>
  <datafield tag="336" ind1=" " ind2=" ">
    <subfield code="2">rda content</subfield>
    <subfield code="a">text</subfield>
  </datafield>
  <datafield tag="337" ind1=" " ind2=" ">
    <subfield code="2">rda media</subfield>
    <subfield code="a">Computer</subfield>
  </datafield>
  <datafield tag="338" ind1=" " ind2=" ">
    <subfield code="2">rda carrier</subfield>
    <subfield code="a">Online Resource</subfield>
  </datafield>
  <datafield tag="504" ind1=" " ind2=" ">
    <subfield code="a">&#x64A;&#x634;&#x62A;&#x645;&#x644; &#x639;&#x644;&#x649; &#x625;&#x631;&#x62C;&#x627;&#x639;&#x627;&#x62A; &#x628;&#x628;&#x644;&#x64A;&#x648;&#x62C;&#x631;&#x627;&#x641;&#x64A;&#x629;.</subfield>
  </datafield>
  <datafield tag="505" ind1=" " ind2=" ">
    <subfield code="a">&#x648;&#x641;&#x642;&#x627;&#x64B; &#x644;&#x644;&#x642;&#x627;&#x646;&#x648;&#x646; &#x631;&#x642;&#x645; 48 &#x644;&#x633;&#x646;&#x629; 1941 &#x648;&#x627;&#x644;&#x642;&#x627;&#x646;&#x648;&#x646; 10 &#x644;&#x633;&#x646;&#x629; 1966
&#x648;&#x627;&#x644;&#x642;&#x627;&#x646;&#x648;&#x646; &#x631;&#x642;&#x645; 281 &#x644;&#x633;&#x646;&#x629; 1994 &#x648;&#x627;&#x644;&#x642;&#x631;&#x627;&#x631; &#x627;&#x644;&#x648;&#x632;&#x627;&#x631;&#x649; &#x631;&#x642;&#x645; 259 &#x644;&#x633;&#x646;&#x629; 1996
&#x648;&#x627;&#x62D;&#x643;&#x627;&#x645; &#x645;&#x62D;&#x643;&#x645;&#x629; &#x627;&#x644;&#x646;&#x642;&#x636; &#x62D;&#x62A;&#x649; &#x633;&#x646;&#x629; 1997 &#x648;&#x627;&#x62D;&#x643;&#x627;&#x645; &#x627;&#x644;&#x645;&#x62D;&#x643;&#x645;&#x629; &#x627;&#x644;&#x62F;&#x633;&#x62A;&#x648;&#x631;&#x64A;&#x629; &#x627;&#x644;&#x639;&#x644;&#x64A;&#x627; 
</subfield>
  </datafield>
  <datafield tag="546" ind1=" " ind2=" ">
    <subfield code="a">&#x627;&#x644;&#x646;&#x635; &#x628;&#x627;&#x644;&#x644;&#x63A;&#x629; &#x627;&#x644;&#x639;&#x631;&#x628;&#x64A;&#x629;</subfield>
  </datafield>
  <datafield tag="650" ind1="1" ind2=" ">
    <subfield code="a">&#x627;&#x644;&#x642;&#x627;&#x646;&#x648;&#x646; &#x627;&#x644;&#x62C;&#x646;&#x627;&#x626;&#x64A;</subfield>
  </datafield>
  <datafield tag="650" ind1="1" ind2=" ">
    <subfield code="a">&#x642;&#x645;&#x639; &#x627;&#x644;&#x63A;&#x634; &#x648;&#x627;&#x644;&#x62A;&#x62F;&#x644;&#x64A;&#x633;</subfield>
  </datafield>
  <datafield tag="856" ind1="4" ind2="0">
    <subfield code="u">https://fll.law.cu.edu.eg/fulltext/bks/B10-12236.pdf</subfield>
  </datafield>
  <datafield tag="905" ind1=" " ind2=" ">
    <subfield code="a">43</subfield>
  </datafield>
  <datafield tag="942" ind1=" " ind2=" ">
    <subfield code="2">ddc</subfield>
    <subfield code="n">0</subfield>
    <subfield code="c">BK</subfield>
    <subfield code="e">21</subfield>
  </datafield>
  <datafield tag="999" ind1=" " ind2=" ">
    <subfield code="c">76582</subfield>
    <subfield code="d">76582</subfield>
  </datafield>
  <datafield tag="952" ind1=" " ind2=" ">
    <subfield code="0">0</subfield>
    <subfield code="1">0</subfield>
    <subfield code="2">ddc</subfield>
    <subfield code="4">0</subfield>
    <subfield code="7">1</subfield>
    <subfield code="8">&#x627;&#x644;&#x642;&#x627;&#x646;&#x648;&#x646; &#x627;&#x644;&#x62C;&#x646;&#x627;&#x626;&#x64A;</subfield>
    <subfield code="a">CU</subfield>
    <subfield code="b">LAW1</subfield>
    <subfield code="d">2026-05-11</subfield>
    <subfield code="l">0</subfield>
    <subfield code="o">Law1 10 343.451 &#x639; &#x645; . &#x62C; 1998 1012236 C1</subfield>
    <subfield code="p">B10-12236</subfield>
    <subfield code="r">2026-05-11 13:46:46</subfield>
    <subfield code="t">1</subfield>
    <subfield code="w">2026-05-11</subfield>
    <subfield code="y">BK</subfield>
  </datafield>
</record>
